Responses for Show #8962 - Tuesday, October 31, 2023

2023 Champions Wildcard Diamonds quarterfinal game 8.

Contestants

[<< previous game]

Katie Hargrove, a professional organizer from Redondo Beach, California

Hari Parameswaran, a hardware engineer from Cupertino, California

Aaron Craig, an attorney originally from Toronto, Ontario, Canada

[next game >>]

Jeopardy! Round responses

THE TROPIC OF CAPRICORN
SOURCE OF THE LATE NIGHT BIT
(Ken: You'll name the late night host associated with each long-running gag.)
SHOW ME THE MONKEY
HMMM, I WONDER
SEXY STUFF
"E"ASY DOES IT
    $200 26
Australia

Hari
    $200 25
Jay Leno

Aaron
    $200 30
(Hari: What are gorillas?)
...
(Ken: It's a twist ending; they're [*]--it's habitat lost to [*]; we are the primates.)

humans

Hari
Triple Stumper
    $200 5
Bermuda

Hari
    $200 29
her eggs

Aaron
    $200 20
erasers

Hari
    $400 18
Brazil

Aaron
    $400 24
Jimmy Fallon

Katie
    $400 28
prehensile tails

Aaron
    $400 27
Bigfoot

Hari
    $400 23
(Ken: Yeah, pet owners know this one.)

heat

Aaron
    $400 16
Egypt

Aaron
    $600 17
Madagascar

Aaron
    $600 14
Jimmy Kimmel

Katie
    $600 22
daytime

Hari
    $600 13
palms

Aaron
    $600 19
(Ken: Famously sexy [*], yes.)

(Ulysses S.) Grant

Aaron
    $600 10
English

Hari
    $800 1
a temperate zone (the southern temperate zone)

Triple Stumper
    $800 2
(Ken: That takes me back--old school [*].)

David Letterman

Triple Stumper
    $800 21
Hinduism

Hari
    $1,000 4
(Ken: In Vermont, that is correct.)

Lake Champlain

Aaron
    $800 3
pair bonds

Triple Stumper
    $800 9
the Edsel

Aaron
    $1000 12
Atacama

Hari
    $1000 15
Seth Meyers

Triple Stumper
    $1000 11
(Katie: What is a mandrill?)

drill

Katie
Triple Stumper
    $1000 6
telekinesis

Aaron
    $1000 7
tantric

Hari
    $1000 8
esteem

Aaron

Scores at the first commercial break (after clue 15):

Aaron Hari Katie
$4,400 $2,800 -$400

Scores at the end of the Jeopardy! Round:

Aaron Hari Katie
$7,600 $4,800 $0

Double Jeopardy! Round responses

THE TOPIC OF CAPRICORNS
THE WORLD SERIES
FRANK GEHRY
NIGHT AT THE MUSEUM
MONSTER MANUAL
WORDS IN HALLOWEEN
(Ken: All these are responses you can make from the letters in the word "Halloween".)
    $400 30
Henry Miller

Hari
    $400 17
the San Francisco Giants

Aaron
    $400 26
(Ken: Your hometown, yes.)

Toronto

Aaron
    $400 29
(Hari: Who's Toulou-Lautrec?)

Toulouse-Lautrec

AaronHari
    $400 28
a dragon

Katie
    $400 27
a wheel

Aaron
    $800 21
MLK (Martin Luther King)

Hari
    $800 16
Reggie Jackson

Aaron
    $800 24
cardboard

Hari
    $800 22
Nighthawks

Hari
    $800 23
a goblin

Hari
    $800 25
an owl

Hari
    $1200 14
Clara Barton

Aaron
    $1200 15
(Hari: Who are the White Sox?)

the Cubbies

AaronHari
    $1200 12
(Ken: Yeah, [**] is the building.)

Astaire & Rogers (Fred & Ginger)

Hari
    $1200 2
Seurat

Hari
    $1200 6
seals

Hari
    $1200 9
a loan

Aaron
    $1600 20
Howard Hughes

Katie
    $1600 11
Shoeless Joe Jackson

Katie
    $1600 1
(Aaron: What's Barcelona?)

Bilbao

AaronHari
    $7,600 3
(Ken: Hari?)
(Hari: Who is Dalí?)

Picasso

Hari
    $1600 8
harpies

Hari
    $1600 7
(Hari: Uh... sorry.)

a halo

Hari
Triple Stumper
    $2000 19
Kit Carson

Hari
    $2000 10
the Los Angeles Dodgers

Aaron
    $2000 5
the Pritzker Prize

Hari
    $2000 4
a lion

Hari
    $4,000 13
a griffin

Hari
    $2000 18
Hell

Hari

Scores at the end of the Double Jeopardy! Round:

Aaron Hari Katie
$14,000 $17,200 $3,600

[wagering suggestions for these scores]

Final Jeopardy! Round responses

NAME'S THE SAME
(Ken: [To Katie] What is... Beatrice? I don't know; we'll never know.)
...
(Ken: [To Aaron] I think she's higher than six.)
...
(Ken: The name in common here is [*]; [*] Andrews of Riverdale began comic book life in 1941 and of course, Harry and Meghan's son, the Prince of Sussex, Prince [*].)
KatieWhat is Beat
$3,600
AaronWhat is Charlotte Hi Evan & Camille ♡
$3,202
HariWhat is James?
$11,000
Archie

Final scores:

Aaron Hari Katie
$10,798 $6,200 $0
Winner: semifinalist 2nd place: $5,000 3rd place: $5,000

Game dynamics:

Coryat scores:

Aaron Hari Katie
$13,800 $22,800 $3,600
22 R
(including 1 DD),
1 W
25 R
(including 1 DD),
5 W
(including 1 DD)
5 R,
1 W

Combined Coryat: $40,200

[game clues] [game scores] [suggest correction]

Game tape date: 2023-09-13
The J! Archive is created by fans, for fans. Scraping, republication, monetization, and malicious use prohibited; this site may use cookies and collect identifying information. See terms. The Jeopardy! game show and all elements thereof, including but not limited to copyright and trademark thereto, are the property of Jeopardy Productions, Inc. and are protected under law. This website is not affiliated with, sponsored by, or operated by Jeopardy Productions, Inc. Join the discussion at JBoard.tv.